[Event "National Capital op"]
[Site "Ottawa CAN"]
[Date "2010.11.14"]
[Round "5"]
[White "Cummings, David"]
[Black "Upper, John"]
[Result "1-0"]
[WhiteElo "2474"]
[BlackElo "2222"]
[PlyCount "79"]
[GameId "2160767909842535"]
[EventDate "2010.11.12"]
[EventType "swiss"]
[EventRounds "5"]
[EventCountry "CAN"]
[SourceTitle "EXT 2022"]
[Source "ChessBase"]
[SourceDate "2021.10.06"]
[SourceVersion "1"]
[SourceVersionDate "2021.10.06"]
[SourceQuality "1"]

1. c4 c6 2. Nf3 d5 3. e3 Nf6 4. d4 Bf5 5. Nc3 e6 6. Nh4 Bg6 7. Be2 Nbd7 8. O-O Bd6 9. f4 Be4 10. c5 Bc7 11. b4 a6 12. Bd2 h6 13. Nf3 g5 14. Ne5 Bg6 15. Nxg6 fxg6 16. Bd3 Ke7 17. Qe2 Qg8 18. e4 dxe4 19. Bxe4 Re8 20. d5 cxd5 21. Bxd5 Nxd5 22. Nxd5+ Kd8 23. Nxc7 Kxc7 24. fxg5 hxg5 25. Bxg5 Rh5 26. Bf4+ e5 27. Bg3 Rf5 28. c6 bxc6 29. Qxa6 Ra8 30. Qe2 Qd5 31. Rfd1 Qb5 32. Qd2 Nf6 33. Qd6+ Kb7 34. Qe7+ Ka6 35. a4 Qb6+ 36. Kh1 Qe3 37. b5+ Ka5 38. Be1+ Kb6 39. a5+ Kxb5 40. Qb7+ 1-0

[Event "CAN-op"]
[Site "Toronto CAN"]
[Date "2010.07.10"]
[Round "1"]
[White "Cummings, David"]
[Black "Modwal, Sankalp"]
[Result "1/2-1/2"]
[WhiteElo "2482"]
[BlackElo "2242"]
[PlyCount "142"]
[GameId "2160767909915253"]
[EventDate "2010.07.10"]
[EventType "swiss"]
[EventRounds "9"]
[EventCountry "CAN"]

1. c4 Nf6 2. Nf3 e6 3. g3 b6 4. Bg2 Bb7 5. O-O Be7 6. Nc3 O-O 7. Re1 c5 8. e4 d6 9. d4 cxd4 10. Nxd4 Qc8 11. Be3 Nc6 12. Rc1 Nxd4 13. Bxd4 Rd8 14. Qe2 Ne8 15. f4 Bf6 16. Bf2 Qc6 17. Nb5 a6 18. Nd4 Bxd4 19. Bxd4 e5 20. Bf2 exf4 21. gxf4 f5 22. Qf1 fxe4 23. Bxe4 Qc7 24. Bxb7 Qxb7 25. Qg2 Ra7 26. Rc2 Qxg2+ 27. Kxg2 Rb7 28. Rce2 Kf7 29. Kf3 Nf6 30. Rd1 Rdd7 31. Red2 Ke6 32. f5+ Ke7 33. Bd4 Ne8 34. Re1+ Kf7 35. Rde2 Rd8 36. Re6 Nf6 37. Bxf6 gxf6 38. Rd1 Rbd7 39. Rd5 Kg7 40. b3 Kf7 41. b4 Kg7 42. Ke3 b5 43. cxb5 axb5 44. Kd4 Ra8 45. Rexd6 Rxd6 46. Rxd6 Rxa2 47. Kd5 Rd2+ 48. Kc5 Rxh2 49. Kxb5 Rf2 50. Kc6 Rxf5 51. b5 Rf2 52. Rd5 Rc2+ 53. Rc5 Re2 54. b6 Kg6 55. b7 Re8 56. Kb6 Rb8 57. Ka7 Rxb7+ 58. Kxb7 h5 59. Kc6 h4 60. Kd6 f5 61. Ke5 Kg5 62. Rc8 Kg4 63. Rg8+ Kf3 64. Rh8 Kg3 65. Kxf5 h3 66. Rg8+ Kf3 67. Rb8 h2 68. Rb1 Kg2 69. Rb2+ Kg1 70. Kg4 h1=Q 71. Rb1+ Kh2 1/2-1/2

[Event "CAN-op"]
[Site "Toronto CAN"]
[Date "2010.07.11"]
[Round "2"]
[White "Morrison, Kyle"]
[Black "Cummings, David"]
[Result "0-1"]
[WhiteElo "2234"]
[BlackElo "2375"]
[PlyCount "88"]
[GameId "2160767909915297"]
[EventDate "2010.07.10"]
[EventType "swiss"]
[EventRounds "9"]
[EventCountry "CAN"]
[SourceTitle "CBM 137 Extra"]
[Source "ChessBase"]
[SourceDate "2010.09.01"]
[SourceVersion "1"]
[SourceVersionDate "2010.09.01"]
[SourceQuality "1"]

1. d4 Nf6 2. c4 e6 3. Nf3 d5 4. Nc3 Be7 5. cxd5 exd5 6. Bg5 c6 7. Qc2 g6 8. e3 Bf5 9. Bd3 Bxd3 10. Qxd3 Nbd7 11. Bh6 Ng4 12. Bg7 Rg8 13. Be5 Ngxe5 14. Nxe5 Nxe5 15. dxe5 Qb6 16. O-O O-O-O 17. Rfd1 f6 18. e6 f5 19. Rac1 Kb8 20. b3 Qb4 21. Qc2 Qd6 22. b4 Qxe6 23. Qb3 f4 24. exf4 g5 25. b5 Ka8 26. bxc6 bxc6 27. Re1 Qd7 28. f5 Rgf8 29. Qa4 Rxf5 30. Rb1 Bc5 31. Kh1 Rxf2 32. h3 g4 33. Ne4 gxh3 34. Nxf2 Bxf2 35. Rf1 hxg2+ 36. Kxg2 Rg8+ 37. Kxf2 Qf5+ 38. Ke3 Qe5+ 39. Kd2 Rg2+ 40. Kd3 Rg3+ 41. Kd2 Qc3+ 42. Ke2 Qd3+ 43. Ke1 Re3+ 44. Kf2 Re2+ 0-1

[Event "CAN-op"]
[Site "Toronto CAN"]
[Date "2010.07.12"]
[Round "3"]
[White "Cummings, David"]
[Black "Abrahams, Daniel"]
[Result "1-0"]
[WhiteElo "2375"]
[BlackElo "1879"]
[PlyCount "103"]
[GameId "2160767909915317"]
[EventDate "2010.07.10"]
[EventType "swiss"]
[EventRounds "9"]
[EventCountry "CAN"]
[SourceTitle "CBM 137 Extra"]
[Source "ChessBase"]
[SourceDate "2010.09.01"]
[SourceVersion "1"]
[SourceVersionDate "2010.09.01"]
[SourceQuality "1"]

1. c4 Nf6 2. Nf3 e6 3. g3 b6 4. Bg2 Bb7 5. O-O c5 6. Nc3 d6 7. Re1 Nbd7 8. e4 a6 9. d4 cxd4 10. Nxd4 Qc7 11. Be3 Be7 12. Rc1 O-O 13. f4 Rfe8 14. g4 g6 15. Bf3 e5 16. Nd5 Nxd5 17. cxd5 Qd8 18. Nc6 Bxc6 19. dxc6 Nc5 20. b4 exf4 21. c7 Qd7 22. bxc5 bxc5 23. Bxf4 Bh4 24. Re2 Qxc7 25. e5 Rad8 26. exd6 Qd7 27. Rxe8+ Rxe8 28. Qd5 Qa4 29. Qc4 Qa5 30. d7 Re1+ 31. Kg2 Rxc1 32. Bxc1 Qe1 33. Qf1 Qe6 34. Qd1 Bd8 35. Qd5 Qxd5 36. Bxd5 Kf8 37. Be3 Ke7 38. Bc6 Kd6 39. Ba4 g5 40. Kf3 Kd5 41. Bb3+ c4 42. Bc2 h6 43. Be4+ Kd6 44. Bf5 Ke5 45. Ba7 f6 46. Ke3 Kd5 47. Bd4 Kc6 48. a4 a5 49. Ke4 Kd6 50. Ba7 c3 51. Kd3 Ke5 52. Bb8+ 1-0

[Event "CAN-op"]
[Site "Toronto CAN"]
[Date "2010.07.13"]
[Round "4"]
[White "Haessel, Dale"]
[Black "Cummings, David"]
[Result "1/2-1/2"]
[WhiteElo "2243"]
[BlackElo "2375"]
[PlyCount "83"]
[GameId "2160767909915357"]
[EventDate "2010.07.10"]
[EventType "swiss"]
[EventRounds "9"]
[EventCountry "CAN"]
[SourceTitle "CBM 137 Extra"]
[Source "ChessBase"]
[SourceDate "2010.09.01"]
[SourceVersion "1"]
[SourceVersionDate "2010.09.01"]
[SourceQuality "1"]

1. Nf3 Nf6 2. c4 e6 3. Nc3 d5 4. d4 Be7 5. Bg5 h6 6. Bh4 O-O 7. e3 b6 8. Be2 Bb7 9. Bxf6 Bxf6 10. cxd5 exd5 11. b4 c6 12. O-O a5 13. b5 c5 14. Ne5 cxd4 15. exd4 Bxe5 16. dxe5 d4 17. Na4 Qg5 18. Bg4 Qxe5 19. Nxb6 Ra7 20. Rb1 Rd8 21. Bf3 Bxf3 22. Qxf3 d3 23. Nc4 Qd4 24. Qe3 a4 25. Rfd1 Rc7 26. Qxd4 Rxd4 27. Ne5 Rc3 28. Kf1 a3 29. Rdc1 Rb4 30. Ke1 Re4+ 31. Kd2 Rxc1 32. Rxc1 Rxe5 33. Rc8+ Kh7 34. Rxb8 Re2+ 35. Kxd3 Rxf2 36. Ra8 Rxa2 37. Kc4 Ra1 38. Kc5 Ra2 39. b6 Rc2+ 40. Kd6 a2 41. g3 Rxh2 42. b7 1/2-1/2

[Event "CAN-op"]
[Site "Toronto CAN"]
[Date "2010.07.15"]
[Round "6"]
[White "Walton, Alan"]
[Black "Cummings, David"]
[Result "0-1"]
[WhiteElo "2147"]
[BlackElo "2375"]
[PlyCount "96"]
[GameId "2160767909915442"]
[EventDate "2010.07.10"]
[EventType "swiss"]
[EventRounds "9"]
[EventCountry "CAN"]
[SourceTitle "CBM 137 Extra"]
[Source "ChessBase"]
[SourceDate "2010.09.01"]
[SourceVersion "1"]
[SourceVersionDate "2010.09.01"]
[SourceQuality "1"]

1. d4 d5 2. c4 e6 3. Nc3 Be7 4. Nf3 Nf6 5. e3 b6 6. Bd3 Bb7 7. cxd5 Nxd5 8. e4 Nxc3 9. bxc3 O-O 10. O-O c5 11. Be3 cxd4 12. cxd4 Nc6 13. Rc1 Rc8 14. Qa4 a6 15. Qb3 b5 16. Rfd1 Na5 17. Qb1 Rxc1 18. Rxc1 h6 19. Rc2 Nc6 20. Rxc6 Bxc6 21. Qc1 Qd6 22. Bf4 Qa3 23. Qe3 Rc8 24. h4 Be8 25. Kh2 Rc3 26. Ne1 Bxh4 27. g3 Bg5 28. Bxg5 hxg5 29. Qxg5 Kf8 30. Qe5 Qc1 31. Qd6+ Kg8 32. Qe7 Rc8 33. Nf3 Qh6+ 34. Kg2 Qf6 35. Qb7 Qd8 36. Qxa6 Ra8 37. Qb7 Rxa2 38. d5 Qa8 39. Qe7 Ra7 40. Qc5 exd5 41. exd5 Rd7 42. Be4 f5 43. Bxf5 Qxd5 44. Qc2 Re7 45. Bg4 Bc6 46. Qg6 b4 47. Kh3 b3 48. Kh4 Qe4 0-1

[Event "CAN-op"]
[Site "Toronto CAN"]
[Date "2010.07.17"]
[Round "8"]
[White "Hambleton, Aman"]
[Black "Cummings, David"]
[Result "1/2-1/2"]
[WhiteElo "2131"]
[BlackElo "2375"]
[PlyCount "66"]
[GameId "2160767909915492"]
[EventDate "2010.07.10"]
[EventType "swiss"]
[EventRounds "9"]
[EventCountry "CAN"]
[SourceTitle "CBM 137 Extra"]
[Source "ChessBase"]
[SourceDate "2010.09.01"]
[SourceVersion "1"]
[SourceVersionDate "2010.09.01"]
[SourceQuality "1"]

1. d4 Nf6 2. c4 e6 3. Nc3 Bb4 4. Qc2 O-O 5. a3 Bxc3+ 6. Qxc3 d5 7. Bg5 dxc4 8. Qxc4 b6 9. Nf3 Ba6 10. Qc2 h6 11. Bxf6 Qxf6 12. g3 c5 13. Bg2 Nc6 14. dxc5 bxc5 15. O-O Rac8 16. Rfe1 Nd4 17. Nxd4 cxd4 18. Qa4 e5 19. Be4 Rc7 20. Qa5 Rfc8 21. b4 Qd6 22. b5 Bb7 23. Bxb7 Rxb7 24. Rac1 Rbc7 25. Rcd1 e4 26. Rd2 Rc1 27. Rdd1 Rxd1 28. Rxd1 Qc5 29. Qa6 Rc7 30. Qa4 Qc4 31. Rxd4 Qxe2 32. Qd1 Qxb5 33. Rxe4 Qc6 1/2-1/2

[Event "CAN-op"]
[Site "Toronto CAN"]
[Date "2010.07.18"]
[Round "9"]
[White "Cummings, David"]
[Black "Aronov, Yuri"]
[Result "1/2-1/2"]
[WhiteElo "2375"]
[BlackElo "2219"]
[PlyCount "77"]
[GameId "2160767909915525"]
[EventDate "2010.07.10"]
[EventType "swiss"]
[EventRounds "9"]
[EventCountry "CAN"]
[SourceTitle "CBM 137 Extra"]
[Source "ChessBase"]
[SourceDate "2010.09.01"]
[SourceVersion "1"]
[SourceVersionDate "2010.09.01"]
[SourceQuality "1"]

1. c4 Nf6 2. Nc3 g6 3. g3 Bg7 4. Bg2 O-O 5. d3 d6 6. Bg5 h6 7. Bd2 e5 8. e4 Nc6 9. Nge2 Nd7 10. O-O Nc5 11. Be3 a5 12. Qd2 Kh7 13. f4 f5 14. d4 exd4 15. Nxd4 Nxd4 16. Bxd4 Be6 17. exf5 Bxf5 18. Bxg7 Kxg7 19. Rfe1 c6 20. Re3 Qb6 21. Qd4+ Kg8 22. Rae1 Na4 23. Qxb6 Nxb6 24. b3 a4 25. Re7 Rf7 26. Rxf7 Kxf7 27. Ne4 Bxe4 28. Bxe4 axb3 29. axb3 Ra3 30. Bc2 d5 31. cxd5 Nxd5 32. h4 Ra2 33. Re2 Kf6 34. Bd3 Ra3 35. Bc2 Nb4 36. Bd1 Nd5 37. Bc2 Nb4 38. Bd1 Nd5 39. Bc2 1/2-1/2

[Event "Ontario op"]
[Site "Toronto CAN"]
[Date "2010.05.22"]
[Round "1"]
[White "Cummings, David"]
[Black "Southam, David"]
[Result "1/2-1/2"]
[WhiteElo "2373"]
[BlackElo "2130"]
[PlyCount "106"]
[GameId "2160767909981923"]
[EventDate "2010.05.22"]
[EventType "swiss"]
[EventRounds "6"]
[EventCountry "CAN"]
[SourceTitle "CBM 136 Extra"]
[Source "ChessBase"]
[SourceDate "2010.07.02"]
[SourceVersion "2"]
[SourceVersionDate "2010.07.15"]
[SourceQuality "1"]

1. c4 e5 2. g3 Nf6 3. Bg2 Nc6 4. Nc3 Bb4 5. Nd5 Bc5 6. d3 h6 7. Nf3 O-O 8. O-O d6 9. a3 Nxd5 10. cxd5 Ne7 11. d4 exd4 12. Nxd4 Bb6 13. b4 a5 14. Bb2 Nf5 15. Nb3 a4 16. Nc1 Bd7 17. e4 Ne7 18. Ne2 Bb5 19. Re1 Bxe2 20. Rxe2 Qd7 21. Bd4 Nc8 22. Rc2 Bxd4 23. Qxd4 Nb6 24. Rac1 Rac8 25. h4 Na8 26. Kh2 Rce8 27. f3 f5 28. Bh3 g6 29. exf5 gxf5 30. g4 Qg7 31. Qxg7+ Kxg7 32. gxf5 Kf6 33. Rg1 Rg8 34. Rxg8 Rxg8 35. Re2 Nb6 36. Re6+ Kf7 37. Bg4 Nxd5 38. Bh5+ Kg7 39. Bg6 Rd8 40. h5 Rf8 41. Kg3 Rf6 42. Re1 c5 43. bxc5 dxc5 44. Be8 Rxf5 45. Bxa4 Rg5+ 46. Kf2 Rxh5 47. Rb1 b6 48. Bc6 Rh2+ 49. Kg3 Rd2 50. Bxd5 Rxd5 51. Rxb6 Rd3 52. Rc6 Rxa3 53. Rxc5 Ra4 1/2-1/2

[Event "Ontario op"]
[Site "Toronto CAN"]
[Date "2010.05.23"]
[Round "3"]
[White "Campbell, Brett"]
[Black "Cummings, David"]
[Result "0-1"]
[WhiteElo "2177"]
[BlackElo "2373"]
[PlyCount "100"]
[GameId "2160767909981952"]
[EventDate "2010.05.22"]
[EventType "swiss"]
[EventRounds "6"]
[EventCountry "CAN"]
[SourceTitle "CBM 136 Extra"]
[Source "ChessBase"]
[SourceDate "2010.07.02"]
[SourceVersion "2"]
[SourceVersionDate "2010.07.15"]
[SourceQuality "1"]

1. Nf3 Nf6 2. g3 b6 3. Bg2 Bb7 4. d4 c5 5. O-O e6 6. c4 cxd4 7. Nxd4 Bxg2 8. Kxg2 Qc8 9. b3 Be7 10. Bb2 g6 11. Nc3 Qb7+ 12. f3 d6 13. e4 Nbd7 14. Qe2 O-O 15. a4 Rfe8 16. Ba3 Rac8 17. Rac1 Bf8 18. Rfd1 h6 19. Qb2 Nc5 20. Nde2 Qa8 21. Nf4 g5 22. Bxc5 bxc5 23. Nd3 Rb8 24. Qc2 g4 25. Nf2 gxf3+ 26. Kxf3 Nd7 27. Rb1 Ne5+ 28. Kg2 Nc6 29. Ne2 f5 30. Kh3 Ne5 31. Kg2 Rbd8 32. Nf4 Bg7 33. h4 Nc6 34. Kh3 Nd4 35. Rxd4 cxd4 36. exf5 exf5 37. Nd5 Qc8 38. Nd3 f4+ 39. g4 Re3+ 40. Nxe3 fxe3 41. Nf4 Rf8 42. Qe4 Qe8 43. Qxe8 Rxe8 44. Kg2 Bf6 45. Rd1 e2 46. Re1 d3 47. Nxd3 Bxh4 48. Rh1 e1=Q 49. Nxe1 Bxe1 50. Rxh6 Bb4 0-1

[Event "Ontario op"]
[Site "Toronto CAN"]
[Date "2010.05.23"]
[Round "4"]
[White "Cummings, David"]
[Black "Sambuev, Bator"]
[Result "0-1"]
[WhiteElo "2373"]
[BlackElo "2464"]
[PlyCount "82"]
[GameId "2160767909981967"]
[EventDate "2010.05.22"]
[EventType "swiss"]
[EventRounds "6"]
[EventCountry "CAN"]
[SourceTitle "CBM 136 Extra"]
[Source "ChessBase"]
[SourceDate "2010.07.02"]
[SourceVersion "2"]
[SourceVersionDate "2010.07.15"]
[SourceQuality "1"]

1. c4 Nf6 2. Nf3 g6 3. Nc3 Bg7 4. e4 d6 5. d4 O-O 6. Be2 e5 7. O-O Nc6 8. d5 Ne7 9. Ne1 Nd7 10. Nd3 f5 11. Bd2 Nf6 12. f3 f4 13. c5 g5 14. Rc1 Ng6 15. Nb5 Rf7 16. Ba5 b6 17. cxd6 cxd6 18. Be1 a6 19. Nc3 a5 20. Nb5 g4 21. Rc6 Bf8 22. Bf2 Rb8 23. Qc2 g3 24. Bxb6 gxh2+ 25. Kxh2 Rxb6 26. Rxc8 Qe7 27. Rc7 Nd7 28. Nf2 Nh4 29. Rg1 Qg5 30. g4 Rxb5 31. Bxb5 Nxf3+ 32. Kg2 Nd4 33. Qd3 f3+ 34. Kf1 Nc5 35. Rxc5 dxc5 36. Bc4 Qc1+ 37. Nd1 Bd6 38. g5 Kg7 39. Rg4 a4 40. Kf2 Rf4 41. Rg1 Rh4 0-1

[Event "Ontario op"]
[Site "Toronto CAN"]
[Date "2010.05.24"]
[Round "5"]
[White "Aronov, Yuri"]
[Black "Cummings, David"]
[Result "0-1"]
[WhiteElo "2220"]
[BlackElo "2373"]
[PlyCount "58"]
[GameId "2160767909981981"]
[EventDate "2010.05.22"]
[EventType "swiss"]
[EventRounds "6"]
[EventCountry "CAN"]
[SourceTitle "CBM 136 Extra"]
[Source "ChessBase"]
[SourceDate "2010.07.02"]
[SourceVersion "2"]
[SourceVersionDate "2010.07.15"]
[SourceQuality "1"]

1. d4 Nf6 2. c4 e6 3. Nf3 d5 4. Nc3 Be7 5. Bg5 h6 6. Bh4 O-O 7. e3 b6 8. Bd3 Bb7 9. Bxf6 Bxf6 10. cxd5 exd5 11. b4 c6 12. O-O Nd7 13. Qb3 b5 14. a4 a6 15. a5 Be7 16. e4 dxe4 17. Nxe4 Nf6 18. Nxf6+ Bxf6 19. Be4 Re8 20. Ne5 Bxe5 21. dxe5 Rxe5 22. Bf3 Qe7 23. Rac1 Re8 24. g3 Qf6 25. Rc3 Re1 26. Qc2 Rxf1+ 27. Kxf1 Qd4 28. Qb3 Bc8 29. Rd3 Bh3+ 0-1

[Event "Ontario op"]
[Site "Toronto CAN"]
[Date "2010.05.24"]
[Round "6"]
[White "Cummings, David"]
[Black "Plotkin, Victor"]
[Result "1-0"]
[WhiteElo "2373"]
[BlackElo "2237"]
[PlyCount "57"]
[GameId "2160767909981997"]
[EventDate "2010.05.22"]
[EventType "swiss"]
[EventRounds "6"]
[EventCountry "CAN"]
[SourceTitle "CBM 136 Extra"]
[Source "ChessBase"]
[SourceDate "2010.07.02"]
[SourceVersion "2"]
[SourceVersionDate "2010.07.15"]
[SourceQuality "1"]

1. c4 Nf6 2. Nf3 e6 3. g3 b6 4. Bg2 Bb7 5. O-O c5 6. Nc3 Be7 7. Re1 d5 8. cxd5 Nxd5 9. e4 Nb4 10. d4 O-O 11. d5 exd5 12. exd5 Bf6 13. Ne5 Re8 14. Bf4 Bxe5 15. Rxe5 Rxe5 16. Bxe5 Nd7 17. Bf4 Nf6 18. Bg5 h6 19. Bxf6 Qxf6 20. a3 Na6 21. Qa4 Qd6 22. Ne4 Qd8 23. d6 Kf8 24. Re1 b5 25. Qxb5 Qb6 26. Qd7 Bc6 27. Qe7+ Kg8 28. d7 Rf8 29. Nd6 1-0

[Event "Toronto op"]
[Site "Toronto CAN"]
[Date "2010.04.02"]
[Round "1.6"]
[White "Humphreys, Michael"]
[Black "Cummings, David"]
[Result "0-1"]
[WhiteElo "2184"]
[BlackElo "2416"]
[PlyCount "52"]
[GameId "2160767910011662"]
[EventDate "2010.04.02"]
[EventType "swiss"]
[EventRounds "6"]
[EventCountry "CAN"]

1. d4 Nf6 2. c4 e6 3. g3 d5 4. Nf3 Be7 5. Bg2 O-O 6. O-O dxc4 7. Qc2 a6 8. Qxc4 b5 9. Qc2 Bb7 10. Bd2 h6 11. a3 Re8 12. Rc1 Bd6 13. Nc3 c5 14. dxc5 Bxc5 15. e4 Nbd7 16. Bf4 e5 17. Be3 Bxe3 18. fxe3 Qb6 19. Re1 Rac8 20. Nh4 Nc5 21. Nd5 Nxd5 22. exd5 e4 23. d6 Qxd6 24. Rad1 Nd3 25. Qb3 Qb6 26. Re2 Nc1 0-1

[Event "Toronto op"]
[Site "Toronto CAN"]
[Date "2010.04.02"]
[Round "2.6"]
[White "Cummings, David"]
[Black "Drkulec, Vladimir"]
[Result "1-0"]
[WhiteElo "2416"]
[BlackElo "2150"]
[PlyCount "67"]
[GameId "2160767910011671"]
[EventDate "2010.04.02"]
[EventType "swiss"]
[EventRounds "6"]
[EventCountry "CAN"]

1. c4 Nf6 2. Nf3 g6 3. Nc3 d5 4. d4 Bg7 5. cxd5 Nxd5 6. e4 Nxc3 7. bxc3 O-O 8. Be3 c5 9. Qd2 Qa5 10. Rc1 Nd7 11. d5 Re8 12. Be2 b6 13. Bh6 Bxh6 14. Qxh6 Qxa2 15. h4 Nf8 16. h5 Bg4 17. hxg6 fxg6 18. Bb5 Bxf3 19. gxf3 Red8 20. Kf1 Qb2 21. Bc6 Rac8 22. Kg2 Rd6 23. Qe3 Rdxc6 24. dxc6 Qb5 25. Qg5 Qxc6 26. Qxe7 Rc7 27. Qe5 Ne6 28. Rcd1 Re7 29. Rd8+ Re8 30. Rxe8+ Qxe8 31. f4 g5 32. fxg5 Qf7 33. Kg3 Qd7 34. g6 1-0

[Event "Toronto op"]
[Site "Toronto CAN"]
[Date "2010.04.03"]
[Round "4.1"]
[White "Cummings, David"]
[Black "Sapozhnikov, Roman"]
[Result "1/2-1/2"]
[WhiteElo "2416"]
[BlackElo "2420"]
[PlyCount "99"]
[GameId "2160767910011680"]
[EventDate "2010.04.02"]
[EventType "swiss"]
[EventRounds "6"]
[EventCountry "CAN"]

1. c4 Nf6 2. Nc3 g6 3. e4 d6 4. d4 Bg7 5. Nf3 O-O 6. Be2 Na6 7. O-O e5 8. Be3 c6 9. dxe5 dxe5 10. Nd2 Qe7 11. Na4 b6 12. a3 Rd8 13. Qc2 Nc7 14. Rfd1 Ne6 15. Nb3 Bb7 16. c5 b5 17. Nc3 Rxd1+ 18. Rxd1 a5 19. a4 b4 20. Nb1 Nf4 21. Bxf4 exf4 22. N1d2 Ba6 23. Bxa6 Rxa6 24. Nc4 Qxe4 25. Qxe4 Nxe4 26. Rd8+ Bf8 27. Kf1 Kg7 28. Nd6 Be7 29. Ne8+ Kh6 30. Rd7 Nxc5 31. Nxc5 Bxc5 32. Rxf7 Ra7 33. Rxf4 Be7 34. h4 Ra8 35. Nf6 Kg7 36. Nd7 Ra7 37. Nb6 Bd8 38. Nc4 Rd7 39. Ke2 Rd5 40. g3 Bf6 41. Rf3 Rc5 42. b3 h5 43. Rd3 Kf7 44. Nd6+ Ke7 45. Ne4 Rc2+ 46. Rd2 Rxd2+ 47. Kxd2 Bd4 48. Kd3 Bb6 49. Kc4 Ke6 50. f3 1/2-1/2

[Event "Toronto op"]
[Site "Toronto CAN"]
[Date "2010.04.04"]
[Round "5.2"]
[White "Sambuev, Bator"]
[Black "Cummings, David"]
[Result "1/2-1/2"]
[WhiteElo "2610"]
[BlackElo "2416"]
[PlyCount "81"]
[GameId "2160767910011689"]
[EventDate "2010.04.02"]
[EventType "swiss"]
[EventRounds "6"]
[EventCountry "CAN"]

1. e4 c5 2. Nf3 e6 3. d4 cxd4 4. Nxd4 Nc6 5. Nc3 Qc7 6. Be2 a6 7. O-O Nf6 8. Be3 Bb4 9. Nxc6 bxc6 10. Na4 Be7 11. Nb6 Rb8 12. Nxc8 Qxc8 13. Bd4 O-O 14. Qd3 Qc7 15. f4 d5 16. exd5 Nxd5 17. Qxa6 Nxf4 18. Bf3 c5 19. Bc3 Nd5 20. a4 Bd6 21. h3 c4 22. Bxd5 Bc5+ 23. Kh1 exd5 24. Rad1 Ra8 25. Qb5 Rab8 26. Qa6 Ra8 27. Qb5 Rab8 28. Be5 Qxe5 29. Qxc5 Qxb2 30. Qxd5 Qxc2 31. a5 c3 32. a6 Qe2 33. a7 Ra8 34. Qb7 c2 35. Ra1 Qc4 36. Rfc1 Rfc8 37. Qb2 Qc3 38. Qa2 h6 39. Qa4 Qc4 40. Qxc4 Rxc4 41. Ra2 1/2-1/2

[Event "CAN-op"]
[Site "Kapuskasing CAN"]
[Date "2003.07.12"]
[Round "1"]
[White "Kleist, Frederick"]
[Black "Cummings, David"]
[Result "1-0"]
[WhiteElo "2211"]
[BlackElo "2377"]
[PlyCount "67"]
[GameId "2160767911293549"]
[EventDate "2003.07.12"]
[EventType "swiss"]
[EventRounds "9"]
[EventCountry "CAN"]
[SourceTitle "EXT 2006"]
[Source "ChessBase"]
[SourceDate "2005.11.24"]
[SourceVersion "1"]
[SourceVersionDate "2005.11.24"]
[SourceQuality "1"]

1. d4 Nf6 2. c4 e6 3. Nf3 b6 4. Nc3 Bb4 5. Qb3 c5 6. a3 Bxc3+ 7. Qxc3 O-O 8. Bg5 cxd4 9. Qxd4 Nc6 10. Qf4 h6 11. h4 Qe7 12. Rd1 e5 13. Bxf6 exf4 14. Bxe7 Nxe7 15. Rd4 Ba6 16. Rxd7 Nc6 17. b3 Rfe8 18. Kd2 Rac8 19. e3 fxe3+ 20. fxe3 Rcd8 21. Rd5 b5 22. Nd4 Rxd5 23. cxd5 Nxd4 24. exd4 Rd8 25. a4 Rxd5 26. Kc3 b4+ 27. Kxb4 Rxd4+ 28. Ka5 Bxf1 29. Rxf1 Rxh4 30. Ka6 Rg4 31. Rf2 Kf8 32. Kxa7 Rb4 33. Rb2 Ke7 34. Ka6 1-0

[Event "CAN-op"]
[Site "Kapuskasing CAN"]
[Date "2003.07.18"]
[Round "8"]
[White "Quan Zhe"]
[Black "Cummings, David"]
[Result "1/2-1/2"]
[WhiteElo "2303"]
[BlackElo "2377"]
[PlyCount "90"]
[GameId "2160767911293631"]
[EventDate "2003.07.12"]
[EventType "swiss"]
[EventRounds "9"]
[EventCountry "CAN"]
[SourceTitle "EXT 2006"]
[Source "ChessBase"]
[SourceDate "2005.11.24"]
[SourceVersion "1"]
[SourceVersionDate "2005.11.24"]
[SourceQuality "1"]

1. d4 d5 2. c4 c6 3. Nc3 Nf6 4. e3 a6 5. b3 b5 6. Bd3 Bg4 7. Qc2 e6 8. Nge2 Nbd7 9. O-O Bd6 10. Bb2 Qc7 11. h3 Bh5 12. a3 Bg6 13. c5 Be7 14. f4 Bxd3 15. Qxd3 h5 16. g3 g6 17. Rf2 a5 18. b4 Bf8 19. Raf1 Bg7 20. Rg2 Ke7 21. Kf2 axb4 22. axb4 Ne4+ 23. Nxe4 dxe4 24. Qxe4 f5 25. Qc2 Nf6 26. Nc3 Qd7 27. Qb3 Nd5 28. Rgg1 Bf6 29. Ra1 g5 30. Nxd5+ exd5 31. fxg5 Bxg5 32. Qd3 Qe6 33. Bc3 Qe4 34. Qxe4+ fxe4 35. Ke2 Rhf8 36. Rxa8 Rxa8 37. Rf1 Rf8 38. Rxf8 Kxf8 39. Be1 Kf7 40. g4 hxg4 41. hxg4 Kg6 42. Bg3 Bd8 43. Bf4 Bh4 44. Kf1 Kf6 45. Ke2 Kg6 1/2-1/2

[Event "CAN-op"]
[Site "Sackville CAN"]
[Date "2001.07.08"]
[Round "3"]
[White "Mayo, Alvah"]
[Black "Cummings, David"]
[Result "0-1"]
[WhiteElo "2103"]
[BlackElo "2369"]
[PlyCount "80"]
[GameId "2160767911564038"]
[EventDate "2001.07.07"]
[EventType "swiss"]
[EventRounds "10"]
[EventCountry "CAN"]
[SourceTitle "EXT 2002"]
[Source "ChessBase"]
[SourceDate "2001.11.25"]
[SourceVersion "1"]
[SourceVersionDate "2001.11.25"]
[SourceQuality "1"]

1. e4 c5 2. Nc3 Nc6 3. f4 g6 4. Nf3 Bg7 5. Bb5 Nd4 6. O-O Nxb5 7. Nxb5 d6 8. Nc3 Nf6 9. d3 Bg4 10. h3 Bxf3 11. Qxf3 O-O 12. Be3 b5 13. Rae1 b4 14. Ne2 Nd7 15. b3 a5 16. Qg3 a4 17. Rf2 axb3 18. axb3 Ra2 19. Nc1 Ra1 20. Ref1 f5 21. Ne2 Rxf1+ 22. Rxf1 fxe4 23. dxe4 Qa8 24. Qf3 Ne5 25. Qg3 Nd7 26. Qf3 Ne5 27. Qg3 Nf7 28. e5 Qe4 29. c4 bxc3 30. Nxc3 Qd3 31. Qe1 Nxe5 32. Bd2 Nc6 33. Qe6+ Kh8 34. Ne4 d5 35. Ng5 Bd4+ 36. Kh2 Qxf1 37. Nf7+ Rxf7 38. Qxf7 Bg1+ 39. Kg3 Qf2+ 40. Kg4 Ne5+ 0-1

[Event "CAN-op"]
[Site "Sackville CAN"]
[Date "2001.07.12"]
[Round "7"]
[White "Cummings, David"]
[Black "Ochkoos, Jura"]
[Result "1-0"]
[WhiteElo "2369"]
[BlackElo "2285"]
[PlyCount "117"]
[GameId "2160767911564211"]
[EventDate "2001.07.07"]
[EventType "swiss"]
[EventRounds "10"]
[EventCountry "CAN"]
[SourceTitle "EXT 2002"]
[Source "ChessBase"]
[SourceDate "2001.11.25"]
[SourceVersion "1"]
[SourceVersionDate "2001.11.25"]
[SourceQuality "1"]

1. c4 e6 2. g3 d5 3. Bg2 Nf6 4. Nf3 Be7 5. O-O O-O 6. d4 Bd7 7. Ne5 c6 8. Nd2 Be8 9. b3 c5 10. dxc5 Bxc5 11. Bb2 Be7 12. cxd5 exd5 13. Rc1 Nc6 14. Nxc6 Bxc6 15. Nf3 Re8 16. Qd3 Qb6 17. Nd4 Bd7 18. Rc2 Rac8 19. Rfc1 Rxc2 20. Qxc2 g6 21. Qd3 Rc8 22. Rxc8+ Bxc8 23. Nc2 Bf5 24. Qc3 Qc6 25. Ne3 Qxc3 26. Bxc3 Be4 27. Bd4 a5 28. g4 h6 29. h4 b5 30. g5 hxg5 31. hxg5 Nh5 32. Nxd5 Bxd5 33. Bxd5 Nf4 34. Bf3 a4 35. e3 Nh3+ 36. Kg2 Nxg5 37. Bc6 axb3 38. axb3 b4 39. Bd5 Kf8 40. f4 Nh7 41. Kf3 f5 42. Ke2 Nf6 43. Bf3 Kf7 44. Kd3 Ke6 45. Kc4 Bd6 46. Bc6 Be7 47. Bc5 Bxc5 48. Kxc5 Ng4 49. Kd4 Nf2 50. Bf3 Kf6 51. Kc4 Ke6 52. Kxb4 Ng4 53. Kc3 Nxe3 54. Kd3 Nf1 55. b4 Kd6 56. Ke2 Ng3+ 57. Kf2 Nh5 58. Bxh5 gxh5 59. Kg3 1-0